| 000 | 00658nam a2200205 a 4500 | ||
|---|---|---|---|
| 001 | 000041970 | ||
| 005 | 20201002035847.0 | ||
| 008 | 090819s1989 sp a 000 0 spa d | ||
| 020 | _a8400069684 | ||
| 040 |
_aDO-SdBNP _bspa _cBNPHU |
||
| 082 |
_axxx _bxxx |
||
| 245 | 1 | 0 |
_aPaleontología / _ccoordinador Emiliano Aguirre. |
| 260 |
_aMadrid : _bCSIC, _c1989. |
||
| 300 |
_a433 p. : _bil., ; _c25 cm. |
||
| 490 | 1 |
_aNuevas tendencias _v10 |
|
| 504 | _aIncluye bibliografía al final de los capítulo | ||
| 700 | 1 |
_aAguirre, Emiliano _ecoor. _968901 |
|
| 710 | 2 |
_aConsejo Superior de Investigaciones Científicas _94786 |
|
| 830 | 0 |
_aNuevas tendencias _n10 _968902 |
|
| 999 |
_c41459 _d41459 |
||